000 01397nam a2200217Ia 4500
999 _c9129
_d9129
005 20230905142909.0
008 230903s9999 xx 000 0 und d
020 _a978-847-356-520-2
040 _aUPAN
_cBiblioteca San Vicente
_eRCAA2
041 _aspa
082 _a658.7
_bA539i
_c2007
100 _aAnaya Tejero, Julián Juan
_4aut.
245 0 _aInnovación y mejora de procesos logísticos:
_b Análisis, diagnósticos e implantación de los sistemas logísticos/
_cJulio Julián Anaya Tejero, Sonia Polaco Martín
250 _a2° ed.
260 _aEspaña:
_bESIC,
_c2007
300 _a228 p.;
_c24 cm.
505 _aParte I: Contenido y filosofía de la logística integral Capitulo 1: La cadena de suministro y la cadena logística Capitulo 2: Filosofía de la gestación integral de la cadena Capitulo 3: El papel de la información en el desarrollo logístico de la empresa Capitulo 4: La excelencia logística Parte II: Del diagnostico logístico al plan estratégico de mejora Capitulo 5: ¿Por qué diagnostico logístico? Capitulo 6: Técnicas y métodos aplicables al análisis Capitulo 7: Etapas previas para un diagnostico logístico Capitulo 8: Análisis de la situación logística Capitulo 9: Como afrontar un plan de mejora logística Anexos
650 _2LEMB
_vAdministración
_xProcesos
700 _aPolanco Martín, Sonia
_4aut.
942 _cBK
_2ddc